Credit spreads and the links between the financial and real sectors in a small open economy: The case of the Czech Republic

Charakteristika a výhody použitia bayesiánskej prahovej vektorovej autoregresie. Analýza odozvy na šoky vo finančnom a reálnom sektore. Vyššia volatilita finančného sektora.

Na minha lista:
Detalhes bibliográficos
Autor principal: Babecká - Kucharčuková, Oxana
Outros Autores: Konečný, Tomáš
Formato: Capítulo de Livro
Idioma:inglês
Assuntos:
Tags: Adicionar Tag
Sem tags, seja o primeiro a adicionar uma tag!

MARC

LEADER 00000naa a2200000 4500
001 0221001
005 20231010121134.4
041 0 |a eng 
044 |a CZ 
245 1 0 |a Credit spreads and the links between the financial and real sectors in a small open economy: The case of the Czech Republic  |c Oxana Babecká - Kucharčuková, Tomáš Konečný 
520 |a Charakteristika a výhody použitia bayesiánskej prahovej vektorovej autoregresie. Analýza odozvy na šoky vo finančnom a reálnom sektore. Vyššia volatilita finančného sektora. 
610 2 0 |a úver 
610 2 0 |a hospodárstvo otvorené 
610 2 0 |a modelovanie lineárne 
610 2 0 |a regresia 
610 2 0 |a volatilita 
610 2 0 |a bankovníctvo 
100 1 |a Babecká - Kucharčuková, Oxana 
700 1 |a Konečný, Tomáš